000
00291nam a22001217a 4500
020
_a
0-273-01998-8
082
_a
621.3815 LOV'P
100
_a
LOVEDAY, GEORGE
_9
66789
245
_a
PRACTICAL INTERFACE CIRCUITS FOR MICROS
260
_a
NEWYORK
_b
PITMAN
_c
1984
300
_a
187P
942
_c
BK
999
_c
581364
_d
581364